Bruno Schulz

Titel: Bruno Schulz : les régions de la grande hérésie / Jerzy Ficowski. Traduit du polonais par Margot Carlier
Verfasser:
Veröffentlicht: Montricher : Ed. Noir sur Blanc, 2004
Umfang: 233 S.
Format: Buch
Sprache: Französisch
RVK-Notation:
Schlagworte:
ISBN: 2882501358
Buchumschlag
X
Lokale Klassifikation: 2 S 863 ; 32 9 F ; 32 10 E ; 26 9 F
alg: 12227943
001A    $00030:08-07-04 
001B    $01999:09-06-23 $t19:04:58.000 
001C    $00030:20-05-15 $t17:27:15.000 
001D    $03004:12-12-05 
001U    $0utf8 
001X    $00 
002@    $0Aau 
003@    $0122279433 
003O    $055509328 $aOCoLC 
004A    $02-88250-135-8 $fEUR 25.00 
007A    $0122279433 $aHEB 
007G    $0DE0044E5291999970BACEC12578590051D81C 
007T    $0Herdhh122279433 
009P    $qapplication/pdf $A2 $3Inhaltsverzeichnis $uhttp://scans.hebis.de/HEBCGI/show.pl?12227943_toc.pdf $mV:DE-603;B:DE-30 
010@    $afre 
011@    $a2004 
021A    $aBruno Schulz $dles régions de la grande hérésie $hJerzy Ficowski. Traduit du polonais par Margot Carlier 
022A/01 $aRegiony wielkiej herezji $rfranz. 
028A    $RFicowska, Wanda $#Fitzowski, Jerzši $#Komiega, Marcin $#Ficovskij, Eži $#Ficovsʹkyj, Ježy $#Komięga, Marcin $#Fitsoṿsḳi, Yezshi $#Fitzowski, Jerzši $#Fitzowski, Jerzši $#Fitzowski, Jerzši $#Ficovskij, Eži $#Fitzowski, Jerzši $#Ficovskij, Eži $#Ficovsʹkyj, Ježy $#Fitzowski, Jerzši $#Ficovskij, Eži $#Ficovsʹkyj, Ježy $#Komięga, Marcin $#Fitzowski, Jerzši $#Ficovskij, Eži $#Ficovsʹkyj, Ježy $#Komięga, Marcin $#Fitsoṿsḳi, Yezshi $7124005438 $8Ficowski, Jerzy$Z1924-2006 [Tp1] $9106625489 
033A    $pMontricher $nEd. Noir sur Blanc 
034D    $a233 S. 
044K    $#Schulz, Bruno $#Shults, Bruno $#Šulʹc, Bruno $#Šûlṣ, Brûnô $#บรูโน ชูลซ์ $7118762427 $8Schulz, Bruno$Z1892-1942 [Tp1] $9087103109 
045F    $a709.438 $eDDC23BSB 
045F/01 $a709 
045F/03 $g438 
045G    $a809 $eDDC23BSB 
045G/01 $a809 
045G/03 $g438 
045H    $a909.04924 $eDDC23BSB 
045H/01 $a909.04924 
045I    $a929.09438 $eDDC23BSB 
045I/01 $a929 
045I/03 $g438 
045Z    $8NY 9000 [Tkv] $9410953628 
046L    $aAus dem Poln. übers. 

lok: 12227943 3
101B    $006-10-04 $t09:24:06.000 
101C    $013-09-04 
144Z/20 $aj04okt 
145S/06 $a770 
145Z/01 $a900 Ad 0100 Schulz, B. 
101U    $0utf8 

exp: 12227943 3 1 #EPN
201B/01 $013-09-04 $t09:13:54.000 
201C/01 $008-07-04 
203@/01 $0216551684 
208@/01 $a13-09-04 $bzAa 
209A/01 $a13.316.70 $du $f000 $h13 316 70 $x00 
209G/01 $a13316708 $x00 
247C/01 $8601000-3 <30>Frankfurt, Universitätsbibliothek J. C. Senckenberg, Zentralbibliothek (ZB) $9102598258 
201U/01 $0utf8 

lok: 12227943 24
101B    $012-12-05 $t13:54:40.000 
101C    $012-12-05 
145Z/01 $a2 S 863 
145Z/02 $a32 9 F 
145Z/03 $a32 10 E 
145Z/04 $a26 9 F 
101U    $0utf8 

exp: 12227943 24 1 #EPN
201B/01 $012-12-05 $t13:54:40.000 
201C/01 $013-10-05 
203@/01 $0305829831 
208@/01 $a12-12-05 $bz 
209A/01 $a05.4693 $du $f050 $h05 4693 $x00 
209C/01 $a05.4693 K $h05 4693 K 
209G/01 $a71249700 $x00 
220C/01 $agro 
247C/01 $8358050-7 Marburg, Bibliothek des Herder-Instituts Marburg $9102600961 
201U/01 $0utf8 

lok: 12227943 78

exp: 12227943 78 1 #EPN
201B/01 $012-12-17 $t11:24:29.000 
201U/01 $0utf8 
203@/01 $0792900855 
208@/01 $a12-11-16 $be 
209A/01 $a/ $f000 $x00 
220C/01 $aTitelaufnehmer: cs 
237A/01 $aPolnische Fassung: Regiony wielkiej herezji. Sejny 2002. Enthält Anhang mit Korrespondenz (177-209). - weiterführende Signatur(en): Herder-Institut: 05.4693 
244Z/01 $2Trx $#Poola $#Lenkija $#Polija $#Polen Land $#Poland $#Lengyelország $#Poľsko $#Polsko $8--Trx--Polska$gkraj $x01 $9391345966 
244Z/01 $aGeschichte 1892-1942 $x02 
244Z/01 $#Schulz, Bruno $#Shults, Bruno $#Šulʹc, Bruno $#Šûlṣ, Brûnô $#บรูโน ชูลซ์ $7118762427 $8--Tp1--Schulz, Bruno$Z1892-1942 $x03 $9087103109 
244Z/01 $2Trx $#kirjanikud $#rašytojai $#writers $#írók $#pisarze $#spisovatelia $#spisovatelé $8--Trx--Schriftsteller $x04 $9391382659 
244Z/01 $2Trx $8--Trx--Monographie $x05 $9391384546 
245Z/01 $a12.03 $x01 
247C/01 $82080>Marburg/Lahn, Herder-Institut, Forschungsbibliothek, Bibliographieportal $9336309341
LEADER 00000cam a2200000 c 4500
001 122279433
003 DE-603
005 20230609190458.0
007 tu
008 040708s2004 xx |||| | u00||u|fre c
020 |a 2882501358  |c EUR 25.00 
035 |a (DE-599)HEB122279433 
035 |a (OCoLC)55509328 
040 |a DE-603  |b ger  |c DE-603  |d DE-603 
041 |a fre 
082 0 4 |8 1\u  |a 709.438  |q DE-101  |2 23/BSB 
083 0 |8 2\u  |a 809  |q DE-101  |2 23/BSB 
083 0 |8 3\u  |a 909.04924  |q DE-101  |2 23/BSB 
083 0 |8 4\u  |a 929.09438  |q DE-101  |2 23/BSB 
084 |a NY 9000  |0 (DE-625)132375:  |0 (DE-603)410953628  |2 rvk 
085 |8 1\u  |b 709 
085 |8 1\u  |z 2  |s 438 
085 |8 2\u  |b 809 
085 |8 2\u  |z 2  |s 438 
085 |8 3\u  |b 909.04924 
085 |8 4\u  |b 929 
085 |8 4\u  |z 2  |s 438 
100 1 |a Ficowski, Jerzy  |d 1924-2006  |0 (DE-603)106625489  |0 (DE-588)124005438  |2 gnd 
245 0 0 |a Bruno Schulz  |b les régions de la grande hérésie  |c Jerzy Ficowski. Traduit du polonais par Margot Carlier 
264 1 |a Montricher  |b Ed. Noir sur Blanc  |c 2004 
300 |a 233 S. 
546 |a Aus dem Poln. übers. 
600 1 7 |a Schulz, Bruno  |d 1892-1942  |0 (DE-588)118762427  |0 (DE-603)087103109  |2 gnd 
700 1 2 |a Ficowski, Jerzy  |d 1924-2006  |t Regiony wielkiej herezji  |g franz. 
856 4 2 |m V:DE-603;B:DE-30  |q application/pdf  |u http://scans.hebis.de/HEBCGI/show.pl?12227943_toc.pdf  |3 Inhaltsverzeichnis 
924 0 |9 30  |a (DE-603)216551684  |b DE-30  |c HES  |d c  |g 13.316.70 
924 0 |9 Mb 50  |a (DE-603)305829831  |b DE-Mb50  |c HES  |d c  |g 05.4693 
924 0 |9 2080  |a (DE-603)792900855  |b DE-2080  |c HES  |d d  |g /